000 00299 a2200133 4500
000 nam a22 7a 4500
100 _aKataria, Surender
110 _aKataria, Surender
245 _aKarmik Prashasan
250 _alatest edition
260 _bRBSA
_c2024
264 _bRBSA
_c2024
942 _cBK
999 _c394435
_d394435